000
00411nam a22001337a 4500
003
SGT
020
_a
9788192256078
082
_a
891.4309
_b
S17M
100
_a
मिश्र, कृष्ण बिहारी
245
_a
साँझ की जम्हाई और सृजनशील उजास
260
_b
शैली पब्लिकेशंस
_c
2017
300
_a
227
942
_2
ddc
_c
BK
999
_c
31374
_d
31374